Nachbarländer der Sudanischen Provinzen Quiz - Statistiken

Allgemein
  • Dieses Quiz wurde 3 mal gespielt
  • Das Durchschnittsergebnis liegt bei 6 aus 14
Antwortstatistiken
Provinz Nachbarstaat % Korrekt
al-Bahr al-ahmar Ägypten
100%
Nahr an-Nil Ägypten
100%
Gharb Darfur Tschad
100%
al-Qadarif Äthiopien
50%
Kassala Eritrea
50%
Scharq Darfur Südsudan
50%
Dschanub Kurdufan Südsudan
50%
an-Nil al-abyad Südsudan
50%
asch-Schamaliyya Ägypten Libyen
0%
Sannar Äthiopien Südsudan
0%
an-Nil al-azraq Äthiopien Südsudan
0%
Schamal Darfur Libyen Tschad
0%
Dschanub Darfur Südsudan ZAR
0%
Darfur al-wusta Tschad ZAR
0%
Keine übereinstimmenden Quizze gefunden
Verteilung der Resultate
Anzahl Personen mit jedem Resultat
Perzentil nach korrekt beantworteten Fragen
Ihre Resultats-Entwicklung
Sie haben dieses Quiz noch nicht gespielt